Characters in Lego Ninjago - Statistics

General Stats
  • This quiz has been taken 4,109 times
  • The average score is 10 of 15
Answer Stats
Hint Answer % Correct
The ninja that has the power of fire Kai
99%
The ninja that has the power of Earth Cole
98%
The ninja that has the power of lightning Jay
98%
The ninja that has the power of ice Zane
98%
Kai's sister Nya
83%
The green ninja, the ninja that has all the other four ninja's power combined Lloyd
78%
The Ruler of Darkness Lord Garmadon
73%
The most evil spirit in all of Ninjago Overlord
73%
The master of all 5 ninjas Sensei Wu
63%
Lord Garmadon's wife Misako
60%
The burrowers underneath the surface, enemies of the ninja Serpentine
46%
The giant snake that turned Lord Garmadon evil The Great Devourer
35%
Leader of the Serpentine Scales
33%
The Overlord's indestructible army Stone Warriors
25%
The owner of the ninja's training area Sensei Darreth
15%
No matching quizzes found
Score Distribution
Percent of People with Each Score
Percentile by Number Answered
Your Score History
You have not taken this quiz